000 00519nam a2200181Ia 4500
008 100920s9999 xx 000 0 und d
082 _b61621
_a24 थ 85
100 _aमंगेशकर गीता.
245 _aलपंडाव.
260 _bप्रिया प्रकाशन,मुंबई 4.
_c1985
300 _a224
_bसाधी
365 _b85
520 _aसायो.
630 _aलपंडाव.
650 _aसायो.
730 _aलपंडाव.
942 _cBOOK
999 _c704795
_d704792